| 000 | 00357nam a2200133Ia 4500 | ||
|---|---|---|---|
| 008 | 230901s2012 xx 000 0 und d | ||
| 041 | _aeng | ||
| 082 | _a610.730711/MANI | ||
| 100 | _aC.MANIVANNAN | ||
| 245 | _aTEXTBOOK OF NURSING MANAGEMENT IN SEVICE & EDUCTION | ||
| 260 |
_bJAYPEE BROTHERS _c2012 |
||
| 300 | _a341 | ||
| 650 | _aNURSING ADMINISTRATION | ||
| 999 |
_c870707 _d870707 |
||